00289 a2200133 4500001000700000020002200007040001100029100003100040240003200071245002700103300000700130362000900137440000900146187951 a978-85-329-0712-7 cMagnum aSilva, Fernando Correia da10aO sindicato dos burroslpor10aO sindicato dos burros a320 a2008 1aLè‚